000 00572cam a22001457a 4500
008 180718b1960 xxu||||| |||| 00| 0 eng d
082 _aC4x42 W119/60
100 _aWade, E.C.S.
245 _aConstitutional law: an outline of the law and practice of the constitution including central and local government, and the constitutional relations of the British Commonwealth
_cby E.C.S. Wade and G. Godfrey Phillips
250 _a6th ed.
260 _aLondon
_bLongmans
_c1960
300 _a725P
650 _aConstitutional law --Great Britain
700 _aPhillips, G. Godfrey
999 _c423417
_d423417